International Financial Statistics, June 2017.

This paper explores International Financial Statistics (IFS) that contains country tables for most IMF members, as well as for Anguilla, Aruba, the Central African Economic and Monetary Community (CEMAC), Curacao, the currency union of Curacao and Sint Maarten, the Eastern Caribbean Currency Union (...

Fuld beskrivelse

Bibliografiske detaljer
Institution som forfatter: International Monetary Fund. Statistics Dept
Format: Tidsskrift
Sprog:English
Udgivet: Washington, D.C. : International Monetary Fund, 2017.
Serier:International Financial Statistics; International Financial Statistics ; No. 2017/006
Online adgang:Full text available on IMF
LEADER 02322cas a2200241 a 4500
001 AALejournalIMF017367
008 230101c9999 xx r poo 0 0eng d
020 |c 50.00 USD 
020 |z 9781475571714 
022 |a 0252-3027 
040 |a BD-DhAAL  |c BD-DhAAL 
110 2 |a International Monetary Fund.  |b Statistics Dept. 
245 1 0 |a International Financial Statistics, June 2017. 
264 1 |a Washington, D.C. :  |b International Monetary Fund,  |c 2017. 
300 |a 1 online resource (903 pages) 
490 1 |a International Financial Statistics 
500 |a <strong>Off-Campus Access:</strong> No User ID or Password Required 
500 |a <strong>On-Campus Access:</strong> No User ID or Password Required 
506 |a Electronic access restricted to authorized BRAC University faculty, staff and students 
520 3 |a This paper explores International Financial Statistics (IFS) that contains country tables for most IMF members, as well as for Anguilla, Aruba, the Central African Economic and Monetary Community (CEMAC), Curacao, the currency union of Curacao and Sint Maarten, the Eastern Caribbean Currency Union (ECCU), the euro area, Montserrat, the former Netherlands Antilles, Sint Maarten, the West African Economic Monetary Union (WAEMU), West Bank and Gaza, and some non-sovereign territorial entities for which statistics are provided internationally on a separate basis. All trade figures in IFS are converted from national currency values to US dollars and from US dollar values to national currency. The country tables, euro area tables, and world tables provide measures of effective exchange rates, compiled by the IMF's Research Department, Strategy, Policy, and Review Department, Statistics Department, and area departments. For manufactured goods, trade by type of good and market is distinguished in the database. So it is possible to allow at a disaggregated level for competition among various exporters in a foreign market (i.e., third-market competition) as well as that arising from bilateral trade links. 
538 |a Mode of access: Internet 
830 0 |a International Financial Statistics; International Financial Statistics ;  |v No. 2017/006 
856 4 0 |z Full text available on IMF  |u http://elibrary.imf.org/view/books/041/23982-9781475571714-en/23982-9781475571714-en-book.xml  |z IMF e-Library